01066nam a22001097a 4500008004100000100004000041245006200081260002000143300003300163520074000196773002000936250912b ||||| |||| 00| 0 eng d aGupta, Alok Kumar and Arpit, Kumar  aTrump, tariff and BRICS: Comprehending Indo-US relations  aThird concept  a39(463), Sep, 2025: p. 12-15 aBRICS has emerged as the major cause of irritation for American President Donald Trump during his second stint at oval office. Major contention being that the BRICS members are endeavoring to de dollarization over the last few years. It simply means the group is threatening dollar as currency of international trade and commerce but not clear as to with which currency. Ruble, Rupees or Rimini, or is it that BRICs with it New development bank is trying to create a new facilitator of fiancé fort international trade. Nothing is cellar in this quagmire of Trump standing like a gladiator with swords of enemies and threading the dollar as currency of international ride. Worlds reserve currency and economic exchange. – Reproduce  aThird concept